| 000 | nam a22 7a 4500 | ||
|---|---|---|---|
| 999 |
_c29666 _d29666 |
||
| 008 | 180514b xxu||||| |||| 00| 0 eng d | ||
| 020 | _a0199140510 | ||
| 050 | _aQC 31 .C33 1979 | ||
| 100 | _aCackett, Geof | ||
| 245 |
_aCore physics / _cGeoff Cackett, Ron Kennedy and Alastair Steven. |
||
| 260 |
_aLondon : _bOxford University Press, _c1979. |
||
| 300 |
_a277p. : _bill. ; _c26cm. |
||
| 500 | _aInclude index. | ||
| 650 | _aPhysics. | ||
| 700 | _aKennedy, Ron. | ||
| 700 | _aSteven, Alastair. | ||
| 942 |
_2lcc _cBOOKS _hQC 31 .C33 1979 |
||